World's Megacities by Urban Agglomeration - Statistics

General Stats
  • This quiz has been taken 66 times
  • The average score is 31 of 38
Answer Stats
# Answer Country Population % Correct
12 Beijing China 19.4
100%
3 Delhi India 28.1
100%
2 Jakarta Indonesia 34.3
100%
4 Manila Phillippines 25
100%
10 Mexico City Mexico 20.3
100%
6 Mumbai India 23.6
100%
9 Sao Paulo Brazil 20.9
100%
5 Seoul South Korea 24.3
100%
7 Shanghai China 22.1
100%
1 Tokyo Japan 38.5
100%
11 Guangzhou China 20.1
98%
8 New York United States 21
98%
15 Cairo Egypt 16.95
97%
13 Dhaka Bangladesh 18.5
95%
18 Bangkok Thailand 16
93%
21 Beunos Aires Argentina 15.2
93%
20 Kolkata India 15.2
93%
35 London United Kingdom 10.8
93%
17 Moscow Russia 16.5
93%
14 Osaka Japan 17.1
93%
29 Rio De Janiero Brazil 12
93%
24 Istanbul Turkey 13.8
92%
22 Lagos Nigeria 14.6
92%
30 Lahore Pakistan 11.5
92%
19 Los Angeles United States 15.4
92%
33 Paris France 10.96
92%
23 Tehran Iran 14.6
92%
31 Lima Peru 11.4
86%
34 Ho Chi Min City Vietnam 10.9
85%
27 Kinshasa DR Congo 12.9
85%
32 Bangalore India 11.2
75%
26 Tianjin China 13
73%
38 Nagoya Japan 10.2
69%
28 Chengdu China 12.1
61%
25 Shenzen China 13.1
12%
36 Bogota Columbia 10.7
8%
16 Karachi Pakistan 16.9
5%
37 Chennai India 10.5
0%
No matching quizzes found
Score Distribution
Percent of People with Each Score
Percentile by Number Answered
Your Score History
You have not taken this quiz